| 000 | 00661nam a2200181 i 4500 | ||
|---|---|---|---|
| 001 | 42328 | ||
| 003 | ES-MaACL | ||
| 007 | t| | ||
| 008 | 030313s1981 sp ||||1| spa d | ||
| 100 | 1 |
_aCastillo Holgado, Antonio. _936748 |
|
| 245 | 1 | 0 |
_aProblemas de síntesis de circuitos / _cpor Antonio Castillo Holgado y Enrique Fenoll Comes. |
| 250 | _a[3ª ed.]. | ||
| 260 |
_a[Madrid : _bEscuela Técnica Superior de Ingenieros de Telecomunicación, _c1981] |
||
| 300 |
_a492 p. ; _c29 cm. |
||
| 700 | 1 |
_aFenoll Comes, Enrique. _949257 |
|
| 710 | 2 |
_aEscuela Técnica Superior de Ingenieros de Telecomunicación (Madrid) _93611 |
|
| 852 |
_aES-MaACL _jL-7250 _bR.108119 |
||
| 999 |
_c42328 _d42328 |
||